| 000 | 00461nam a2200181Ia 4500 | ||
|---|---|---|---|
| 001 | 7332 | ||
| 005 | 20260306160447.0 | ||
| 008 | 260306t2013||||xx |||||||||||||| ||spa|| | ||
| 041 | _aESP | ||
| 082 |
_a338.5 _bP91 |
||
| 100 |
_aPuértolas, Javier _eAUT |
||
| 245 | 0 |
_aMicroeconomía interactiva I: _bequilibrio parcial. Teoría de la producción y la oferta |
|
| 260 | _c2013 | ||
| 300 |
_a _c |
||
| 650 | _aGEN | ||
| 654 | _aCAN | ||
| 942 |
_cLIB _dJUS _fJUS _2ddc _n |
||
| 999 |
_c7332 _d7332 |
||